| 000 | 00382nam a22001457a 4500 | ||
|---|---|---|---|
| 003 | MACL | ||
| 005 | 20190929161752.0 | ||
| 008 | 190929b xxu||||| |||| 00| 0 eng d | ||
| 040 | _cMACL | ||
| 100 |
_aSingh, Lokendra _976842 |
||
| 245 | _aReminiscences of A Neurosurgeon: Little Salty, Bit Sugary | ||
| 260 |
_aDelhi _bLiFi Pub _c2017 |
||
| 650 |
_asurgrey _976843 |
||
| 942 |
_2ddc _cBK |
||
| 999 |
_c61129 _d61129 |
||